000 003070000a22000970004500
100 1 _aMansk, Erli
245 1 0 _aEspaço para a espiritualidade individual num encontro comunitário : Uma experiencia litúrgico-pastoral
300 _aVol.0, núm.20 (Agosto, 2006), Páginas 9-11
773 0 _tTEAR
942 _cANA
999 _c61603
_d61603